书目信息 |
| 题名: |
当代中国与它的外部世界
|
|
| 作者: | 朱佳木, 主编 | |
| 分册: | ||
| 出版信息: | 北京 当代中国出版社 2006.05 |
|
| 页数: | 584页, [8] 页图版 | |
| 开本: | 24cm | |
| 丛书名: | ||
| 单 册: | ||
| 中图分类: | K207.7-53 | |
| 科图分类: | ||
| 主题词: | 现代史--xian dai shi--学术会议--中国--文集 | |
| 电子资源: | ||
| ISBN: | 7-80170-470-3 | |
| 000 | 01617nam0 2200277 450 | |
| 001 | 012007376734 | |
| 005 | 20071008152211.76 | |
| 010 | @a7-80170-470-3@dCNY70.00 | |
| 100 | @a20070726d2006 km y0chiy0120 ea | |
| 101 | 0 | @achi |
| 102 | @aCN@b110000 | |
| 105 | @aacf a 000yy | |
| 200 | 1 | @a当代中国与它的外部世界@Adang dai zhong guo yu ta de wai bu shi jie@e第一届当代中国史国际高级论坛论文集@d= Contemporary China and the outside world@ea collection of papers presented at the first international advanced forum on cotemporary history of China@f朱佳木主编@Fzhu jia mu zhu bian@zeng |
| 210 | @a北京@c当代中国出版社@d2006.05 | |
| 215 | @a584页, [8] 页图版@c图 (部分彩图), 肖像@d24cm | |
| 314 | @a本书是当代中国研究所第4届国际学术年会的论文集 | |
| 320 | @a有书目。 | |
| 330 | @a本书是一本从各个角度观察当代中国史的著作。由于他山之石的引入,当代中国史的叙述便不再单一、刻板,不再一如既往地囿于某个圈子,不再浮于表层。日本、美国、澳大利亚、瑞典等国的学者以局外人的眼光,以远距离(空间上的)的审视为读者勾勒出了全球背景下的中国,描绘出当代中国政治、经济、外交、文化等结成的网络,给予了当局者无法具有的整体图像。 | |
| 333 | @a当代史爱好者 | |
| 510 | 1 | @aContemporary China and the outside world@ea collection of papers presented at the first international advanced forum on cotemporary history of China@zeng |
| 517 | 1 | @a第一届当代中国史国际高级论坛论文集@Adi yi jie dang dai zhong guo shi guo ji gao ji lun tan lun wen ji |
| 606 | 0 | @a现代史@Axian dai shi@x学术会议@y中国@j文集 |
| 690 | @aK207.7-53@v4 | |
| 701 | 0 | @a朱佳木,@Azhu jia mu@f1964- @4主编 |
| 801 | 0 | @aCN@c20071008 |
| 905 | @dK207.7-53@eZ854 | |
| 当代中国与它的外部世界:第一届当代中国史国际高级论坛论文集= Contemporary China and the outside world:a collection of papers presented at the first international advanced forum on cotemporary history of China/朱佳木主编.-北京:当代中国出版社,2006.05 |
| 584页, [8] 页图版:图 (部分彩图), 肖像;24cm |
| 使用对象:当代史爱好者 |
| ISBN 7-80170-470-3:CNY70.00 |
| 本书是一本从各个角度观察当代中国史的著作。由于他山之石的引入,当代中国史的叙述便不再单一、刻板,不再一如既往地囿于某个圈子,不再浮于表层。日本、美国、澳大利亚、瑞典等国的学者以局外人的眼光,以远距离(空间上的)的审视为读者勾勒出了全球背景下的中国,描绘出当代中国政治、经济、外交、文化等结成的网络,给予了当局者无法具有的整体图像。 |
| ● |
| 相关链接 |
|
|
|
正题名:当代中国与它的外部世界
索取号:K207.7-53/Z854
 
预约/预借
| 序号 | 登录号 | 条形码 | 馆藏地/架位号 | 状态 | 备注 |
| 1 | 249776 | 202497761 | 社科库309/309社科库 31排2列6层/ [索取号:K207.7-53/Z854] | 在馆 | |
| 2 | 249777 | 202497770 | 社科库309/309社科库 31排2列6层/ [索取号:K207.7-53/Z854] | 在馆 | |
| 3 | 249778 | 202497789 | 社科库309/309社科库 31排2列6层/ [索取号:K207.7-53/Z854] | 在馆 |